Jurans Quality Planning and Analysis (Record no. 892060)

MARC details
000 -LEADER
fixed length control field 00333nam a2200133Ia 4500
008 - FIXED-LENGTH DATA ELEMENTS--GENERAL INFORMATION
fixed length control field 231011s9999 xx 000 0 und d
041 ## - LANGUAGE CODE
Language code of text/sound track or separate title eng
100 ## - MAIN ENTRY--PERSONAL NAME
Personal name Gryna Frank M
245 ## - TITLE STATEMENT
Title Jurans Quality Planning and Analysis
250 ## - EDITION STATEMENT
Edition statement 5 th
260 ## - PUBLICATION, DISTRIBUTION, ETC.
Name of publisher, distributor, etc. Tata Mcgrawhill Pub Co, New Delhi -
Date of publication, distribution, etc. 2010
300 ## - PHYSICAL DESCRIPTION
Extent 774
365 ## - TRADE PRICE
Price amount 380

No items available.